Машиностроение: [сборник статей]

Chi tiết về thư mục
Tác giả của công ty: Киевский политехнический институт (КПИ)
Ngôn ngữ:Tiếng Nga
Được phát hành: Киев, Выща школа, 1964-1991
Loạt:Вестник Киевского политехнического института
Định dạng: MixedMaterials Sách
KOHA link:https://koha.lib.tpu.ru/cgi-bin/koha/opac-detail.pl?biblionumber=141436

MARC

LEADER 00000nam1a2200000 4500
001 141436
005 20231031142433.0
035 |a (RuTPU)RU\TPU\book\153300 
090 |a 141436 
100 |a 20080814d1964 k y0rusy50 ca 
101 0 |a rus 
102 |a UA 
200 1 |a Машиностроение  |e [сборник статей]  |f Киевский политехнический институт (КПИ) 
210 |a Киев  |c Выща школа  |d 1964-1991 
225 1 |a Вестник Киевского политехнического института 
712 0 2 |a Киевский политехнический институт (КПИ)  |2 stltpush  |3 (RuTPU)RU\TPU\col\310 
801 1 |a RU  |b 63413507  |c 20080814  |g PSBO 
801 2 |a RU  |b 63413507  |c 20151106  |g PSBO 
942 |c BK